000 00722nam a2200265Ia 4500
005 20250425162620.0
008 250425s9999 xx 000 0 und d
020 _a9789978672365
041 _aspa
082 _a370.117
100 _aBORDA NIÑO, ADRIANA CAROLINA
245 0 _aHACIENDO-NOS MI CUERPO: ETNICIDAD, GENERO Y GENERACION EN UN GRUPO NAPO KICHWA
250 _a1A ED.
260 _aEcuador
_bFLACSO, SEDE ECUADOR: EDICIONES ABYA YALA
_c2010
260 _aS.L.
300 _a168
500 _aSERIE TESIS
650 _aAMAZONIA ECUATORIANA
650 _aEDUCACION INTERCULTURAL
650 _aETNICIDAD
650 _aIDENTIDAD ETNICA
650 _aINDIGENAS
942 _c01
010 _a90491
999 _c232892
_d232892